000 00707nam a2200241Ia 4500
003 OSt
005 20220924121157.0
006 a|||||r|||| 00| 0
007 ta
008 ASM
024 _a303330
037 _cTextual
040 _aARTS
_cARTS
_bASM
041 _2ASM
_aASM
082 _aO158,3N32:g, N8
100 _aGoswami Mamoni roysom
_9184605
245 0 _aMamoni roysom
_b Swapna duswapnar diary
260 _aGuwahati
_bChitralekha kalita India
_c1998
650 _aASSAMESE LITERATURE
_911738
700 _a Bharali Hemanta Kumar Ed.
_9184606
942 _hO158,3N32:g, N8
_cTEXL
_2CC
999 _c406193
_d406193